| 000 | 00451nam a2200193 4500 | ||
|---|---|---|---|
| 003 | LK-CoMWRAF | ||
| 005 | 20230831125133.0 | ||
| 008 | 230831b1991 |||||||| |||| 00| 0 eng d | ||
| 020 | _a0804107432 | ||
| 040 |
_aLK-CoMWRAF _dLK-CoMWRAF _eLK-CoMWRAF |
||
| 041 | _aeng | ||
| 082 |
_a823 _bLEI |
||
| 100 | _aLeimbach, Marti | ||
| 245 | _aDying young | ||
| 260 |
_bMarti leimbach, _c1990 |
||
| 300 | _a249p | ||
| 650 | _aEnglish Fiction | ||
| 942 | _cBK | ||
| 999 |
_c3335 _d3335 |
||